|
|
|
|
| LEADER |
00000nab a2200000 a 4500 |
| 001 |
vtls010712954 |
| 003 |
SK-MaSNL |
| 005 |
20260416140716.0 |
| 008 |
250709s2004 xo |||||||||||||||||slo| |
| 035 |
|
|
|a (urnnbn)urn:nbn:sk:snk:ar-a04939
|
| 035 |
|
|
|a (uuid)7aa78a5a-5a6a-439c-ae14-a250a9587428
|
| 035 |
|
|
|a urn:nbn:sk:snk-ab3frg
|
| 040 |
|
|
|a SNKBUCL
|b slo
|c SNKBUCL
|e AACR2
|
| 041 |
0 |
|
|a slo
|
| 044 |
|
|
|a xo
|c SK
|
| 100 |
1 |
|
|a Uhlíková, Eva,
|d 1947-
|4 aut
|9 1637121
|
| 245 |
1 |
0 |
|a DIABETES MELLITUS A PEČEŇ
|c E. Uhlíková, V. Kupčová, V. Mojto, L. Zlatoš, L. Turecký
|
| 700 |
1 |
|
|a Kupčová, Viera,
|d 1951-
|4 aut
|9 8217
|
| 700 |
1 |
|
|a Mojto, Viliam,
|d 1954-
|4 aut
|9 196798
|
| 700 |
1 |
|
|a Zlatoš, Ladislav,
|d 1940-
|4 aut
|9 39676
|
| 700 |
1 |
|
|a Turecký, Ladislav,
|d 1953-
|4 aut
|9 201341
|
| 773 |
0 |
|
|t Laboratórna diagnostika : časopis pre pracovníkov diagnostických laboratórií
|g Roč. 9, č. 1 (2004), s. 72-73
|
| 850 |
|
|
|a Slovenská národná knižnica
|
| 852 |
|
|
|a Slovenská národná knižnica
|
| 954 |
|
|
|a odborná, vedecká literatúra pôvodná (slovenská)
|2 lita
|
| 958 |
|
|
|a article1
|
| 958 |
|
|
|a OND
|
| 958 |
|
|
|a EUIPO
|
| 999 |
|
|
|c 3043863
|d 3045793
|